[Event "GER-ch U08"]
[Site "Willingen"]
[Date "2022.06.08"]
[Round "1"]
[White "Sauer, Ben"]
[Black "Kutz, Henning Jasper"]
[Result "1-0"]
[WhiteElo "1254"]
[BlackElo "811"]
[PlyCount "103"]
[EventDate "2022.06.07"]
[EventType "swiss"]
[EventRounds "7"]
[EventCountry "GER"]
[SourceTitle "EXT 2023"]
[Source "ChessBase"]
[SourceDate "2022.10.05"]
[SourceVersion "1"]
[SourceVersionDate "2022.10.05"]
[SourceQuality "1"]

1. e4 e5 2. Nf3 Nc6 3. Bc4 Nf6 4. d3 Bc5 5. c3 0-0 6. 0-0 d6 7. Bb3 Bg4 8. h3 Bh5 9. Nbd2 h6 10. Re1 Re8 11. Nf1 b5 12. Ng3 a5 13. d4 exd4 14. cxd4 Bb4 15. Nxh5 Bxe1 16. Nxf6+ Qxf6 17. Qxe1 Rad8 18. d5 Nd4 19. Qe3 Nxf3+ 20. Qxf3 Qd4 21. Bc2 c5 22. dxc6 Rc8 23. Bb3 Re7 24. Bd5 Rf8 25. Qc3 Qd1+ 26. Kh2 b4 27. Qb3 Qd4 28. Be3 Qe5+ 29. Kg1 Kh7 30. Rd1 f6 31. Bd4 Qf4 32. Qf3 Qg5 33. Qf5+ Qg6 34. Rc1 Qxf5 35. exf5 h5 36. c7 Rc8 37. Bb6 Kh6 38. Be6 Ree8 39. Bxc8 Rxc8 40. Bxa5 d5 41. Bxb4 d4 42. a4 d3 43. a5 Ra8 44. c8Q Rxc8 45. Rxc8 Kg5 46. a6 Kxf5 47. a7 Ke4 48. a8Q+ Kd4 49. Qa5 f5 50. Qc5+ Ke4 51. Re8+ Kf4 52. Bd2# 1-0